| 000 | 00333nam a22001457a 4500 | ||
|---|---|---|---|
| 003 | SGT | ||
| 020 | _a9780195697889 | ||
| 082 |
_a320.954 _bT09G |
||
| 100 | _aGANGULY, SUMIT | ||
| 245 | _aTHE STATE OF INDIA'S DEMOCRACY | ||
| 260 |
_bOXFORD UNIVERSITY PRESS _c2009 |
||
| 300 | _a231 | ||
| 650 | _aPOLITICAL SCIENCE | ||
| 942 |
_2ddc _cBK |
||
| 999 |
_c27229 _d27229 |
||